000 00412nam a2200157Ia 4500
008 210210b2006 xxu||||| |||| 00| 0 eng d
020 _a81 8030 135 4
082 _a510.2433 GEOF
100 _aGEORGE (Mary).
245 _aFuzzy mathematics: applications in economics.
260 _aN D
_bCampus Books
_c2006
300 _axv,108
650 _aFussy Mathematics
690 _aEconometrics
906 _aSG04678
999 _c115118
_d115118